Centroamérica: el movimiento popular
Enregistré dans:
| Format: | Texte |
|---|---|
| Langue: | Spanish |
| Sujets: | |
| Tags: |
Ajouter un tag
Pas de tags, Soyez le premier à ajouter un tag!
|
MARC
| LEADER | 00000 a a2200000 04500 | ||
|---|---|---|---|
| 001 | 43782 | ||
| 003 | cru CIDCACS/IIS | ||
| 005 | 20210305152110.0 | ||
| 008 | 210305b ||||| |||| 00| 0 spa d | ||
| 040 | |c cru CIDCACS/IIS | ||
| 245 | |a Centroamérica: |b el movimiento popular | ||
| 650 | |a MOVIMIENTOS SOCIALES | ||
| 650 | |a CRISIS | ||
| 650 | |a PODER | ||
| 650 | |a MILITARISMO | ||
| 650 | |a CAPITALISMO | ||
| 650 | |a CENTROAMERICA | ||
| 773 | |g volumen5, número25 (1981), Página: 291 | ||
| 942 | |2 z |c LI | ||
| 999 | |c 27841 |d 27841 | ||
